| 000 | 00633nam a2200217 a 4500 | ||
|---|---|---|---|
| 003 | Co-PeBPM | ||
| 005 | 20250915001323.0 | ||
| 008 | 231129s1999||||xx |||||||||||||| ||spa|| | ||
| 020 | _a9586075230 | ||
| 040 |
_bspa _aCo-PeBPM _cCo-PeBPM _eRDA |
||
| 041 | _aspa | ||
| 082 | _a248.4 L333m | ||
| 100 |
_aLarrañaga, Ignacio _eAutor |
||
| 245 | 0 |
_aMuestrame tu rostro: _bHacia la intimidad con Dios |
|
| 250 | _aPrimera | ||
| 264 | _aLibrería San Pablo-Santafé de Bogotá; 1999 | ||
| 300 |
_a423 páginas; _c18 cms |
||
| 500 | _aIncluye índice | ||
| 650 | 1 | 4 |
_2LEMB _aCristianos _xVida religiosa |
| 942 |
_2ddc _cBK _n0 |
||
| 999 |
_c21456 _d21456 |
||